Hodnotenie ekonomickej efektívnosti výroby v ZSSR

Bibliographic Details
Main Author: Švantnerová, Jiřina (Author)
Format: Article
Language:Slovak
Subjects:

MARC

LEADER 00000nab a2200000Ia 4500
001 vtls010816004
003 SK-MaSNL
005 20260303203643.0
008 230218|1973 xo |||||||||||||||||slo|
035 |a (urnnbn)urn:nbn:sk:snk:ar-a053zq 
035 |a urn:nbn:sk:snk-ab5khc 
035 |a (uuid)648f5b8e-9eae-4974-8800-9ba938a1d65c 
040 |a SNKBUCL  |b slo  |c SNKBUCL  |e AACR2 
041 0 |a slo 
044 |a xo  |c SK 
080 |a 338.3  |2 2001 
080 |a (47+57)  |2 2001 
080 |a 330.322  |2 2001 
100 1 |a Švantnerová, Jiřina  |4 aut  |9 398247 
245 1 0 |a Hodnotenie ekonomickej efektívnosti výroby v ZSSR  |c Jiřina Švantnerová 
650 0 7 |a ekonomická efektívnosť  |2 SNKPH  |9 74879 
650 0 7 |a výroba  |2 SNKPH  |9 15916 
650 0 7 |a investície  |2 SNKPH  |9 2292 
651 7 |a Sovietsky zväz  |2 SNKPH  |9 22126 
773 0 |t Ekonomický časopis : časopis pre ekonomickú teóriu, hospodársku politiku, spoločensko-ekonomické prognózovanie  |g Roč. 21, č. 6 (1973), s. [529]-535 
954 |a odborná, vedecká literatúra pôvodná (slovenská)  |2 lita 
958 |a OND 
958 |a EUIPO 
958 |a article5 
999 |c 2186539  |d 2188469